Nicaragua in revolution = Nicaragua en revolución : The poets speak = Los poetas hablan
Saved in:
| Other Authors: | , , , |
|---|---|
| Format: | Unknown |
| Language: | English |
| Published: |
Minneapolis
Marxist Educational Press
c1980
|
| Series: | Studies in marxism (Minneapolis)
5 |
| Subjects: | |
| Tags: |
Add Tag
No Tags, Be the first to tag this record!
|
MARC
| LEADER | 000000000a22000000004500 | ||
|---|---|---|---|
| 001 | 001386 | ||
| 003 | CIICLA | ||
| 005 | 20140310141216.0 | ||
| 007 | ta | ||
| 008 | 140307s1980 us o|||e |||| 000 0deng d | ||
| 020 | |a 0930656105 | ||
| 040 | |c cru CIICLA Universidad de Costa Rica | ||
| 041 | 0 | |a español e inglés | |
| 083 | |a N861.08 N582n | ||
| 245 | 1 | 0 | |a Nicaragua in revolution = Nicaragua en revolución : |b The poets speak = Los poetas hablan |c editores Bridget Aldaraca, Edward Baker, Ileana Rodríguez, Marz Zimmerman |
| 260 | |a Minneapolis |b Marxist Educational Press |c c1980 | ||
| 300 | |a 301 páginas |b fotografía | ||
| 490 | 0 | |a Studies in marxism (Minneapolis) |v 5 | |
| 500 | |a En idioma inglés y español --Contenido: Nicaragua under imperialism and Sandino´s uprising (1898-1933)--The tyranny (1936-1956)--The struggle continues (1956-1970)--The march to victory (1970-1979)-- Contiene bibliografías de poetas y de editores. | ||
| 650 | 4 | |a LITERATURA NICARAGUENSE |v POESIA | |
| 650 | 4 | |a POESIA REVOLUCIONARIA | |
| 650 | 4 | |a TRADUCCIONES DEL ESPAÑOL | |
| 700 | 1 | 2 | |a Aldaraca, Bridget |e editor |
| 700 | 1 | 2 | |a Baker, Edward |e editor |
| 700 | 1 | 2 | |a Rodríguez, Ileana |e editor |
| 700 | 1 | 2 | |a Zimmerman, Marc |e editor |
| 942 | |2 ddc |c BK | ||
| 999 | |c 2394 |d 2394 | ||



